| 000 | 01330cam a22003497a 4500 | ||
|---|---|---|---|
| 003 | CHAP | ||
| 005 | 20220329141835.0 | ||
| 008 | 971202d1997 mx a r 00110 spa d | ||
| 010 | _a74654 | ||
| 011 | _a75626 | ||
| 035 | _a85192 | ||
| 040 | _cCHAP | ||
| 090 | _aTesis | ||
| 100 | 0 | 0 |
_aAscención Betanzos, Guadalupe. _97868 |
| 245 | 1 | 0 |
_aMateriales orgánicos solos e incorporados a suelos con diferentes niveles de humedad como sustratos de pupación para Anastrepha lundens (Loew) (Diptera : Tephritidae) _c/por Guadalupe Ascención Betanzos |
| 260 |
_aChapingo, Méx. : _bEl autor, _c1997. |
||
| 300 |
_a50 h. : _bilus. ; grafs. |
||
| 502 | _aTesis (Ing. Agr. Esp. en Parasitología Agrícola) -- UACH. Departamento de Parasitología Agrícola | ||
| 590 |
_aALEPH _b10 _c20130110 _lUCH01 _h1420 |
||
| 590 |
_aBATCH-UPD _b10 _c20130110 _lUCH01 _h0621 |
||
| 590 |
_aBATCH-UPD _b10 _c20130410 _lUCH01 _h0304 |
||
| 590 |
_aBATCH-UPD _b10 _c20130914 _lUCH01 _h0329 |
||
| 590 |
_aCONVERSION _b10 _c20130109 _lUCH01 _h1341 |
||
| 650 | 1 | 4 |
_aAnastrepha ludens. _95487 |
| 650 | 1 | 4 |
_aSuelos _xMateria orgánica. _9110429 |
| 650 | 1 | 4 |
_aSustratos. _9110789 |
| 901 | _aBK | ||
| 905 | _aLilia Sánchez G | ||
| 942 | _cFOLL | ||
| 949 |
_bBC _cTES _d33724000636528 _eTS2 _fc.2 _h31400 _i85192 _sb |
||
| 949 |
_bBC _cTES _d851921 _eTS1 _h31399 _i85192 _sb |
||
| 999 |
_c74654 _d74654 |
||